Know your U.S. Cities - Statistics

General Stats
  • This quiz has been taken 43 times
  • The average score is 22 of 23
Answer Stats
Hint Population
(2025)
Answer % Correct
The capital of Georgia 6,272,000 Atlanta
100%
The capital of Massachusetts 654,423 Boston
100%
North Texas, East of Fort Worth 6,737,000 Dallas
100%
Big city in Nevada 660,000 Las Vegas
100%
The largest city in California 12,678,000 Los Angeles
100%
Central Arizona 1,675,144 Phoenix
100%
Northwest Washington 764,753 Seattle
100%
Our nation's capital 5,600,000 Washington DC
100%
The capital of Texas 2,313,000 Austin
97%
The largest city in Illinois 9,042,000 Chicago
97%
The capital of Colorado 2,995,000 Denver
97%
Southeast Michigan 629,830 Detroit
97%
Southeast Texas, the largest city 6,890,000 Houston
97%
Southeast Florida, lies on the Atlantic Coast 6,372,000 Miami
97%
Eastern Minnesota, faces St. Paul 3,039,000 Minneapolis
97%
The biggest city in New York 19,154,000 New York City
97%
Southeastern Pennsylvania, near New Jersey 1,517,144 Philadelphia
97%
Southeastern California, on the Pacific Coast 1,394,928 San Diego
97%
Northwest California 3,363,000 San Francisco
97%
Southeastern Louisiana 1,030,000 New Orleans
95%
Central Florida 2,129,000 Orlando
95%
Western Florida, on the Gulf of Mexico (America) 3,040,000 Tampa
95%
Eastern Wisconsin, on the Lake Michigan Coast 1,473,000 Milwaukee
92%
No matching quizzes found
Score Distribution
Percent of People with Each Score
Percentile by Number Answered
Your Score History
You have not taken this quiz